00872nam a2200289Ia 4500001000900000003000500009005001700014008004100031010001100072020001800083040000900101082002100110245012400131260003200255300001100287440002900298503002600327504002800353650002400381650002000405650001900425650003000444700002800474700002200502700002900524700002900553dia_4989CHAP20251023172351.0220117s2006 xx 000 0 und d a175805 a84-234-2386-7 cCHAP a658.045 E88 2006 aEstrategia corporativa /c C. K. Prahalad...[et al.] ; traducción Germán Orbegozo, Idoia Bengoechea y José Borja aEspaña :b Deusto,c2006 a254 p. aLíderes del management aI. 253778 \ I. 253779 aIncluye bibliografías aBusiness management aCorporaciones  aCorporations  aDirección de empresas  aBengoechea, Idoia, tr.  aBorja, Jorge, tr. aOrbegozo, Germán, tr.  aPrahalad, C. K., coaut.